000
00220nam a2200097Ia 4500
008
120527s9999 xx 000 0 und d
100
_a
HAHN, S.K
245
_a
Integrated pest management
260
_b
I.I.T.A
942
_c
BK
999
_c
25155
_d
25155